Waterfalls - TLC - Lyrics - Statistics

General Stats
  • This quiz has been taken 11 times
  • The average score is 36 of 58
Answer Stats
Hint Answer % Correct
Chorus 1 Don't go {chasing} waterfalls
90%
Chorus 2 Don't go {chasing} waterfalls
90%
Chorus 2 Don't go {chasing} waterfalls
90%
Chorus 3 Don't go {chasing} waterfalls
90%
Chorus 3 Don't go {chasing} waterfalls
90%
Chorus 3 Don't go {chasing} waterfalls
90%
Verse 1 A {lonely} mother gazing out of the window
80%
Verse 1 Another {body} laying cold in the gutter, listen to me
80%
Verse 1 But he doesn't realize he {hurts} her so much
80%
Verse 2 But he doesn't recognize his own {face}
80%
Chorus 1 But I think you're {moving} too fast
80%
Chorus 2 But I think you're {moving} too fast
80%
Chorus 2 But I think you're {moving} too fast
80%
Chorus 3 But I think you're {moving} too fast
80%
Chorus 3 But I think you're {moving} too fast
80%
Chorus 3 But I think you're {moving} too fast
80%
Verse 1 'Cause he can't seem to keep himself out of {trouble}
80%
Verse 3 Have dried the tears from my eyes, no more {lonely} cries
80%
Verse 1 So he goes out and he {makes} {his} {money} the best way he knows how
80%
Verse 1 Staring at a {son} that she just can't touch
80%
Verse 2 For {temptation}, but he just can't see
70%
Chorus 1 I know that you're gonna have it {your} {way} or nothing at all
70%
Chorus 2 I know that you're gonna have it {your} {way} or nothing at all
70%
Chorus 2 I know that you're gonna have it {your} {way} or nothing at all
70%
Chorus 3 I know that you're gonna have it {your} {way} or nothing at all
70%
Chorus 3 I know that you're gonna have it {your} {way} or nothing at all
70%
Chorus 3 I know that you're gonna have it {your} {way} or nothing at all
70%
Verse 3 I seen a {rainbow} yesterday, but too many storms
70%
Verse 2 Little {precious} has a natural obsession
70%
Verse 2 One day, he goes and takes a {glimpse} in the mirror
70%
Chorus 1 Please {stick} to the rivers and the lakes that you're used to
70%
Chorus 2 Please {stick} to the rivers and the lakes that you're used to
70%
Chorus 2 Please {stick} to the rivers and the lakes that you're used to
70%
Chorus 3 Please {stick} to the rivers and the lakes that you're used to
70%
Chorus 3 Please {stick} to the rivers and the lakes that you're used to
70%
Chorus 3 Please {stick} to the rivers and the lakes that you're used to
70%
Verse 2 But all he can say is, "Baby, it's {good} {to} {me}"
60%
Verse 1 If at any time he's in a {jam}, she'll be by his side
60%
Verse 2 She gives him {loving} that his body can't handle
60%
Verse 1 But all the {praying} just ain't helping at all
50%
Verse 3 Clear blue and {unconditional} skies
50%
Verse 2 His {health} is fading, and he doesn't know why
50%
Verse 3 Is it because my life is ten {shades} {of} {gray}?
50%
Verse 3 The many chances I blew to bring my life to {anew}
50%
Verse 2 Three {letters} took him to his final resting place, y'all don't hear me
50%
Verse 3 Have come and gone, leaving a trace of not one {God}-{given} ray
40%
Verse 3 And like His {promise} is true, only my faith can undo
30%
Verse 3 Believe in {yourself}, the rest is up to me and you
30%
Verse 3 Dreams are hopeless {aspirations} in hopes of coming true
30%
Verse 3 I pray all ten fade away, {seldom} praise Him for the sunny days
30%
Verse 3 I say the system got you {victim} to your own mind
30%
Verse 3 Who's to blame for {tooting} 'caine into your own vein?
30%
Verse 3 {Come} {on}!
20%
Verse 3 What a shame, you {shoot} and aim for someone else's brain
20%
Verse 3 You claim the {insane}, and name this day in time
20%
Verse 3 For falling prey to {crime}
10%
Verse 3 My only {bleeding} hope is for the folk who can't cope
10%
Verse 3 With such an {endurin'} pain that it keeps 'em in the pourin' rain
10%
No matching quizzes found
Score Distribution
Percent of People with Each Score
Percentile by Number Answered
Your Score History
You have not taken this quiz